01386cam a2200277 i 450000100090000000300040000900500170001300800410003001000170007102000230008804000280011104200080013905000220014708200210016910000370019024501170022726400420034430000230038633600260040933700280043533800270046350400490049050503850053963000480092477601360097219648290OSt20210915190309.0170516s2018 ilu b 001 0 eng  a 2017022968 a9781433549571 (hc) aDLCbengcDLCerdadDLC apcc00aBS1520b.M27 201800a224.1223bMII6G1 aMacArthur, John,d1939-eauthor.14aThe Gospel according to God :brediscovering the most remarkable chapter in the Old Testament /cJohn MacArthur. 1aWheaton, Illinois :bCrossway,c2018. a224 pages ;c24 cm atextbtxt2rdacontent aunmediatedbn2rdamedia avolumebnc2rdacarrier aIncludes bliographical references and index.0 aThe suffering servant -- The most remarkable chapter in the Old Testament -- Of whom does the prophet say this? -- Astonishing! -- What if some did not believe? -- The substituted servant -- The silent servant -- The suffering and exalted servant -- The sin-bearing servant -- The life and times of Isaiah the Prophet -- Here am I! send me -- Judah's demise -- The man of sorrows.00aBible.pIsaiah, LII, 13-LIIIvCommentaries.08iOnline version:aMacArthur, John, 1939- author.tGospel according to GoddWheaton : Crossway, 2018z9781433549588w(DLC) 2017051970